Caracterización de los templos evangélicos de Managua
Presenta caracterización arquitectónica de los templos evangélicos de la ciudad de Managua. Describe un marco general histórico sobre las iglesias evangélicas en nicaragua. Presenta un diagnóstico arquitectónico de los templos evangélicos denomínales mas representativos. Contiene una cla...
| Main Author: | |
|---|---|
| Other Authors: | |
| Format: | Tesis Section = Libro |
| Language: | Undetermined Spanish |
| Published: |
Managua
UNI
2005
|
| Subjects: |
| LEADER | 01280nam a2200253Ia 4500 | ||
|---|---|---|---|
| 008 | 240830s9999 xx 000 0 und d | ||
| 040 | |a BIBLIOTECA-RUSB/ Mon 726.78 C352 | ||
| 041 | |a spa | ||
| 082 | |a Mon 726.78 C352 | ||
| 100 | 1 | |a Castillo Solano, Ezequías | |
| 245 | 1 | 0 | |a Caracterización de los templos evangélicos de Managua |
| 260 | |a Managua |b UNI |c 2005 | ||
| 300 | |a 274 p. :il. | ||
| 500 | |a Contiene: anexos y gráficos. | ||
| 502 | |a Tesis (Arquitecto) - UNI, 2005. | ||
| 520 | 3 | |a Presenta caracterización arquitectónica de los templos evangélicos de la ciudad de Managua. Describe un marco general histórico sobre las iglesias evangélicas en nicaragua. Presenta un diagnóstico arquitectónico de los templos evangélicos denomínales mas representativos. Contiene una clasificación topológica del templo evangélico de Managua. Plantea una propuesta interactiva del templo evangélico de Managua. | |
| 650 | 7 | |a ARQUITECTURA RELIGIOSA - TEMPLOS EVANGELICOS | |
| 650 | 7 | |b IGLESIAS EVANGELICAS - MARCO HISTORICO | |
| 650 | 7 | |c DIAGNÓSTICO ARQUITECTONICO - TEMPLOS EVANGELICOS | |
| 650 | 7 | |d CLASIFICACION TIPOLOGICA - TEMPLOS EVANGELICOS | |
| 700 | 1 | |a Tutor: |b Rosales Rivera, Benjamin | |
| 942 | |c BK |2 ddc | ||
| 991 | |a TESIS | ||
| 999 | |c 21358 | ||